000 00479nam a22001817a 4500
003 BUBTL
008 181218b xxu||||| |||| 00| 0 eng d
020 _a0471-597333
082 _a420 /
_bHEI
100 _92086
_aHoltz, Herman
245 _aThe Independent Consultant's Brochure and Letter Handbook
250 _a1st
300 _a[x], 256p.
_cEnglish
500 _aIncludes Index
650 0 _9194
_aEnglish Language
_bEnglish
856 _k0
_l0
_yDownload
942 _2ddc
_cBK
999 _c5846
_d5846